|
|
|
|
| LEADER |
00000cgm a2200000 c 4500 |
| 001 |
137225658X |
| 003 |
DE-627 |
| 005 |
20240503203422.0 |
| 007 |
vf uuuuuu |
| 008 |
090127s1993 xx ||| | | v|eng c |
| 035 |
|
|
|a (DE-627)137225658X
|
| 035 |
|
|
|a (DE-576)30225658X
|
| 035 |
|
|
|a (DE-599)BSZ30225658X
|
| 035 |
|
|
|a (OCoLC)316293911
|
| 040 |
|
|
|a DE-627
|b ger
|c DE-627
|e rakwb
|
| 041 |
|
|
|a eng
|
| 084 |
|
|
|a 0
|2 ssgn
|
| 245 |
0 |
4 |
|a The Family
|b the Family is a commonwealth of independent, self-supporting, self-governing missionary communities who believe in a social Gospel as well as a personal Gospel
|
| 264 |
|
1 |
|a [S.l.]
|b The Family
|c 1993
|
| 300 |
|
|
|a 1 Videokassette (VHS, 25 Min.)
|b farb.
|
| 336 |
|
|
|a zweidimensionales bewegtes Bild
|b tdi
|2 rdacontent
|
| 337 |
|
|
|a video
|b v
|2 rdamedia
|
| 338 |
|
|
|a Videokassette
|b vf
|2 rdacarrier
|
| 583 |
1 |
|
|a Archivierung/Langzeitarchivierung gewährleistet
|f SSG
|x XA-DE-BW
|2 pdager
|5 DE-21
|
| 601 |
|
|
|a Commonwealth
|
| 601 |
|
|
|a Social Gospel
|
| 655 |
|
7 |
|a Film
|0 (DE-588)4017102-4
|0 (DE-627)104559683
|0 (DE-576)208918531
|2 gnd-content
|
| 689 |
0 |
0 |
|d s
|0 (DE-588)4039567-4
|0 (DE-627)106227602
|0 (DE-576)20903551X
|2 gnd
|a Mission
|
| 689 |
0 |
1 |
|d s
|0 (DE-588)4162899-8
|0 (DE-627)105458775
|0 (DE-576)209877030
|2 gnd
|a Junge Kirchen
|
| 689 |
0 |
|
|5 (DE-627)
|
| 935 |
|
|
|a mteo
|
| 935 |
|
|
|c vide
|
| 951 |
|
|
|a BO
|
| ITA |
|
|
|a 1
|t 1
|
| LOK |
|
|
|0 000 xxxxxcx a22 zn 4500
|
| LOK |
|
|
|0 001 2590979355
|
| LOK |
|
|
|0 003 DE-627
|
| LOK |
|
|
|0 004 137225658X
|
| LOK |
|
|
|0 005 20090202134219
|
| LOK |
|
|
|0 008 090127||||||||||||||||ger|||||||
|
| LOK |
|
|
|0 040
|a DE-21
|c DE-627
|d DE-21
|
| LOK |
|
|
|0 852
|a DE-21
|
| LOK |
|
|
|0 852 1
|c 1 N 80
|9 00
|
| LOK |
|
|
|0 935
|a theo
|
| LOK |
|
|
|0 936ln
|a t14
|
| LOK |
|
|
|0 938
|a 0902
|f 1
|
| LOK |
|
|
|0 939
|a 27-01-09
|b l01
|
| ORI |
|
|
|a SA-MARC-ixtheoa001.raw
|
| REL |
|
|
|a 1
|
| STA |
0 |
0 |
|a Mission (international law,Mission,Mission,Christianity,World mission,Young churches
|
| STB |
0 |
0 |
|a Jeunes Églises,Mission,Mission,Mission
|
| STC |
0 |
0 |
|a Iglesias jóvenes,Misión,Misión,Misión
|
| STD |
0 |
0 |
|a Giovani Chiese,Missione,Missione,Missione
|
| STE |
0 |
0 |
|a 宣教,宣教,传教,宣教使命,传教,宣教使命,年轻教会,后进教会
|
| STF |
0 |
0 |
|a 宣教,宣教,傳教,宣教使命,傳教,宣教使命,年輕教會,後進教會
|
| STG |
0 |
0 |
|a Igrejas jovens,Missão,Missão,Missão
|
| STH |
0 |
0 |
|a Миссия (международное право),Миссия (мотив),Миссия,Молодая церковь
|
| STI |
0 |
0 |
|a Αποστολή (Διεθνές δίκαιο),Ιεραποστολή (μοτίβο),Ιεραποστολή,Νέες Εκκλησίες
|
| SUB |
|
|
|a REL
|
| SYG |
0 |
0 |
|a Diplomatische Mission,Christentum,Christliche Mission,Heidenmission,Weltmission,Missionierung
|